000 00308nam a2200133Ia 4500
008 150201s2009 xx 000 0 und d
082 _a616.01
_bM09B
100 _aBAVEJA,CP
245 _aMEDICAL PARASITOLOGY
250 _a1ST
260 _bARYA PUB.
_aDELHI
_c2009
650 _aMICROBIOLOGY
942 _2ddc
_cBK
999 _c956
_d956